Calendas históricas y militares dominicanas / Radhamés Hungría Morel (Registro nro. 4825)

Detalles MARC
000 -LEADER
fixed length control field 00541nam a22001811a 4500
001 - CONTROL NUMBER
control field 4825
003 - CONTROL NUMBER IDENTIFIER
control field OSt
005 - DATE AND TIME OF LATEST TRANSACTION
control field 20260204211949.0
008 - FIXED-LENGTH DATA ELEMENTS--GENERAL INFORMATION
fixed length control field 050919s1985||||dr ||||||b||||||||||spa||
050 ## - LIBRARY OF CONGRESS CALL NUMBER
Classification number RD 335.009 M814c
100 ## - ASIENTO PRINCIPAL -- NOMBRE PERSONAL
Personal name Morel, Radhamés Hungría
245 ## - TÍTULO PROPIAMENTE DICHO: SUBTÍTULO
Title Calendas históricas y militares dominicanas / Radhamés Hungría Morel
264 ## - PRODUCTION, PUBLICATION, DISTRIBUTION, MANUFACTURE, AND COPYRIGHT NOTICE
Place of production, publication, distribution, manufacture Santo Domingo: Museo Nacional de Historia y Geografía
300 ## - PHYSICAL DESCRIPTION
Extensión 298 p
500 ## - GENERAL NOTE
General note Incluye indice.
650 ## - ASIENTO SECUNDARIO DE MATERIA -- TERMINO TEMÁTICO
Termino Temático Como Elemento de Entrada 1.Historia militar - República DominicanaÌ
942 ## - ADDED ENTRY ELEMENTS (KOHA)
Source of classification or shelving scheme Dewey Decimal Classification
Koha item type Libros
Existencias
Withdrawn status Lost status Source of classification or shelving scheme Damaged status Not for loan Current library Date acquired Total Checkouts Full call number Barcode Date last seen Price effective from Koha item type
    Dewey Decimal Classification     Biblioteca UTECO 09/09/2019   RD 335.009 M814C 008625 09/09/2019 09/09/2019 Libros
© 2021 Derechos Reservados UTECO - Teléfono: +1 809-585-2291 - Correo electrónico: biblioteca@uteco.edu.do​  
Código postal 43000 ​​
Dirección: Avenida Universitaria No. 100, 
Cotuí, Provincia Sánchez Ramírez, República Dominicana - RNC: 404-00059-6